| 000 | 00488cam a2200205ua 4500 | ||
|---|---|---|---|
| 020 | _c125.00 | ||
| 041 |
_aeng _h |
||
| 082 |
_a630 _bRAD/AG |
||
| 100 | _aRadhey, Lal . | ||
| 245 |
_aAgricultural engineering / _cRadhey Lal. _hTextual Documents |
||
| 250 |
_a1 / _b. |
||
| 260 |
_aAllahabad : _bSaroj Prakashan , _c1995. |
||
| 300 | _a794 ; . | ||
| 365 | _a125.00 | ||
| 504 | _a | ||
| 700 | 1 | _aDatta, A C . | |
| 942 | _cBK | ||
| 999 |
_c9461 _d9461 |
||